000
00285nam a2200133Ia 4500
008
200103s9999||||xx |||||||||||||| ||und||
040
_a
IMU-MPC
082
_a
Column-2
100
_a
HMSO
245
4
_a
The Astronomical Ephemeris
260
_b
HMSO
_c
1972
300
_a
568
942
_c
BK
999
_c
2896
_d
2896